Statistiques concernant Noms originaux des habitants du village d'Astérix n°1

Cliquez ici pour prendre le quiz!

Statistiques générales

  • Ce quiz a été pris 156 fois
  • Le résultat moyen est 7 sur 12

Statistiques - réponses

Noms anglaisNoms français% Correct
AsterixAstérix
99%
ObelixObélix
98%
GetafixPanoramix
73%
DogmatixIdéfix
62%
GeriatrixAgecanonix
60%
CacofonixAssurancetourix
59%
FulliautomatixCétautomatix
50%
VitalstatistixAbraracourcix
43%
ImpedimentaBonemine
43%
PanaceaFalbala
38%
UnhygienixOrdralfabétix
35%
BacteriaIélosubmarine
19%

Distribution des résultats

Percentile par nombre de réponses

% des personnes avec chaque résultat

Votre développement - résultats

Vous n’avez pas pris ce quiz